[Event "George Marx Memorial 3rd"]
[Site "Paks"]
[Date "2005.06.21"]
[Round "9"]
[White "Kortschnoj, Viktor Lvovich"]
[Black "Almasi, Zoltan"]
[Result "0-1"]
[WhiteElo "2619"]
[BlackElo "2628"]
[Annotator "Gershon,A"]
[PlyCount "94"]
[EventDate "2005.06.12"]
[EventType "tourn"]
[EventRounds "10"]
[EventCountry "HUN"]
[EventCategory "15"]
[SourceTitle "CBM 108"]
[Source "ChessBase"]
[SourceDate "2005.09.26"]
[SourceVersion "1"]
[SourceVersionDate "2005.09.26"]
[SourceQuality "1"]

{[%mdl 2]} 1. d4 Nf6 2. c4 e6 3. Nf3 b6 4. g3 Ba6 5. Qa4 Bb7 6. Bg2 c5 7. O-O
cxd4 8. Nxd4 Bxg2 9. Kxg2 Qc7 (9... Qc8 {is another possible move, but since
the queen is heading to 'b7' anyway, there isn't much difference between the
two.}) 10. f3 ({Another way of playing this position is} 10. Rd1 {which, after}
a6 11. Nc3 Be7 12. f3 {leads to the game.}) 10... a6 11. Rd1 Ra7 {Protecting
from the Nb5-d6 threat, without removing the queen from the 'c' file yet.} 12.
Nc3 Be7 13. e4 O-O 14. Be3 d6 15. Rac1 Rc8 {Both side are developing their
pieces to optimal positions for now. In the next phse of the game white will
try to advance his queen side pawns, while trying no to allow black the
freeing d5 break.} 16. b4 Qb7 {This time black is more careful than in his
previous game.} ({where he played} 16... Nbd7 $2 {allowing} 17. Nd5 $1 exd5 18.
cxd5 Nc5 (18... Qb7 {or any other retreat with a queen allows} 19. Rxc8+ Qxc8
20. Nc6 {and white wins}) 19. bxc5 dxc5 20. Nc6 {1-0 Ilincic,Z-Almasi,Z/
Jahorina 2003/CBM 94 ext (32) and white got a big advantage, which he
eventually converted.}) ({of course} 16... Qxc4 $4 {is a suicide:} 17. Nce2 $18
) 17. Qb3 Nbd7 {While white is enjoying a pleasant spatial advantage, black's
position remains very solid, without any real weaknesses, which promises a
long balanced struggle.} 18. Na4 {[%cal Ga4b6,Ge3b6]} Bf8 {While on his last
move white increased the pressure on b6, to add black some worries in the
future, black continues to consolidate his forces.} 19. Bf2 Qa8 {[%cal Ga7c7]}
20. Ne2 {[%csl Rb6]} Qb8 21. g4 {Without opening a second front, white will
find it virtually impossible to bring down black's defences.} Rac7 22. Bg3 Ne8
{The two 'half-weaknesses' (d6 and b6) are easily protected, while white's 'c'
pawn is put under pressure, and being more advanced than black pawns, it's
harded for white to have it protected.} 23. Nb2 Qa8 24. Rc3 $6 ({An immediate} 
24. a3 {is more reasonable. Next, white might consider Qe3, followed by Rc2
and Rdc1.}) 24... Qb7 25. a3 g6 {[%cal Gf8g7,Gg7b2]} 26. Rcc1 $2 (26. Nd3 $142
Bg7 27. Rcc1 {with an equality.}) 26... Bh6 $1 ({White has probably anticipated
} 26... Bg7 27. Bxd6 Nxd6 28. Rxd6 Bxb2 29. Qxb2 Rxc4 30. Rxc4 Rxc4 31. Qd2 {
with white keeping a slight edge.}) 27. Rb1 {Now, the black has taken over the
'c' file, it's the right time for a more concrete play.} b5 $1 28. c5 dxc5 {
This is the point of black's last two moves. He's sacrificing an exchange for
a pawn, but build up a very frightening pawn chain on the queen side, while
his most advanced one - the protected 'c' passer is nicely supported by
black's dark bishop.} 29. Bxc7 c4 30. Qc3 Qxc7 $15 {Perhaps the position is
objectively equal, black's play is much easier.} 31. h3 Ne5 {provoking another
weakness in white's camp (f4), since white cannot tolerate black pieces
occupying such great spots.} 32. f4 Nc6 33. g5 Bf8 {[%csl Rb4][%cal Gf8b4,
Gc6b4,Ga6a5]} 34. Qe3 Ng7 (34... a5 {is too early in view of} 35. bxa5 Qxa5 36.
a4 $1 {ruining black's pawn chain.}) 35. Rf1 Nh5 $6 (35... e5 {was stronger,
not allowing white time to regroup} 36. Nd1 exf4 37. Qxf4 Qe7 {[%csl Rg5][%cal
Gg7e6]} 38. Qe3 Ne6 39. h4 Bg7) 36. Nd1 Rd8 37. Nf2 e5 38. f5 $2 {A positional
blunder.} ({Better was} 38. fxe5 Nxe5 (38... Qxe5 39. Ng4) 39. Rbd1 Re8 40. Nc3
f5 41. Nd5 Qc6 {with an unclear game, although I still prefer black.}) 38...
Nd4 $1 {Threatening both Nxe2 (followed by Nf4+) and gxf5 winning another pawn.
White is obliged to take on d4, thus creating black two connected passers.} 39.
Nxd4 exd4 40. Qf3 d3 {There is no force to stop those pawns now.} 41. e5 {
Trying to complicate the position.} ({A passibe defence doesn't help either:} 
41. Rfd1 Nf4+ 42. Kh1 gxf5 43. exf5 Ne2 44. Rd2 Qg3 $1 $19 {[%csl Rf5]}) 41...
Qxe5 42. fxg6 hxg6 43. Ne4 Qd5 {The simples. now that all the weaknesses are
covered, white is left with no counterplay, and goes down quickly.} 44. h4 Bg7
45. Rbc1 d2 46. Rcd1 c3 47. Rf2 Qc4 0-1

[Event "Moscow Aeroflot op-A"]
[Site "Moscow"]
[Date "2004.02.22"]
[Round "6"]
[White "Kulaots, Kaido"]
[Black "Alekseev, Evgeny V"]
[Result "0-1"]
[WhiteElo "2530"]
[BlackElo "2609"]
[Annotator "Gershon,A"]
[PlyCount "82"]
[EventDate "2004.02.17"]
[EventType "swiss"]
[EventRounds "9"]
[EventCountry "RUS"]
[SourceTitle "CBM 100"]
[Source "ChessBase"]
[SourceDate "2004.06.01"]
[SourceVersion "1"]
[SourceVersionDate "2004.06.01"]
[SourceQuality "1"]

1. d4 Nf6 2. c4 e6 3. Nf3 b6 4. g3 Ba6 5. Qb3 c6 6. Bg5 (6. Bf4 {is the main
move in this position, leading almost by force to a slightly better endgame.}
Be7 7. Nc3 O-O 8. e4 d5 9. cxd5 cxd5 10. exd5 Nxd5 11. Nxd5 Qxd5 12. Qxd5 exd5
13. Bxb8 Bxf1 14. Rxf1 Raxb8 15. Kd2 f6 16. Kd3 Kf7 17. Nh4 Rbc8 18. Nf5 Rfd8
19. Rac1 Bf8 20. Rfe1 Bb4 21. Rxc8 Rxc8 22. Re2 g6 23. Ne3 Rd8 24. Rc2 Rd7 25.
Rc6 Be7 26. f4 Bf8 27. h4 Be7 28. g4 Bf8 29. f5 Be7 30. fxg6+ hxg6 31. h5 Bf8
32. Ng2 Bd6 33. Nh4 gxh5 34. gxh5 Ke6 35. h6 Rh7 36. b4 Kd7 37. b5 Bf8 38. Ng6
Bd6 39. Nh4 Bf8 40. Nf5 Bxh6 41. Rxf6 Bf4 42. Ne3 Bxe3 {1/2-1/2 Karpov,A-Leko,
P/Cap D'Agde FRA 2003/The Week in Chess 468 (42)}) 6... d5 7. cxd5 cxd5 8. Bxf6
Qxf6 9. Nc3 Qd8 $6 (9... Qe7 $142 $5 10. a3 (10. Ne5 Qb4) 10... Qb7 11. Bg2 Nd7
12. O-O Be7 13. Rfe1 O-O 14. Qd1 Rad8 $14 {0-1 Halkias,S-Postny,E/Mureck 1998/
CBM 65 ext (44)}) 10. Ne5 {In order to fight for an edge, white must expoit
his development advantage.} Bd6 $6 (10... Nd7 11. Qa4 Bb7 12. e4 (12. Rc1 a6
13. Qxd7+ Qxd7 14. Nxd7 Kxd7 15. Na4 Rb8 16. Nxb6+ Kd6 $15 {[%csl Rb2][%cal
Gb7c6]}) 12... a6 13. exd5 b5 14. Qb3 Nxe5 15. dxe5 Bxd5 16. Nxd5 Qxd5 17. Qxd5
exd5 18. Bg2 $14) 11. Qa4+ Kf8 12. e4 {Black king is stuck in the center,
which means white should try and open up the game. That's what he does.} Qe8 $2
{Black is trying to exchange the Q's ASAP, however, he's simply giving up a
pawn into the endgame.} ({better was} 12... Bxf1 13. Kxf1 Bxe5 14. dxe5 Nd7 15.
exd5 Nxe5 (15... exd5 $2 16. Nxd5 $16 Nxe5 $140 $2 17. Qb4+ Ke8 18. Qe4 $18)
16. Rd1 {[%cal Gd5e6]} Qf6 17. Qe4 $14 {/+/-}) 13. Qxe8+ Kxe8 14. exd5 exd5 15.
Bg2 $18 {The position is won for white. He is winning a pawn, AND is enjoying
a big positional advantage.} Bxe5 {Giving up an exchange.} (15... Bb7 {was
more stubborn} 16. Nxd5 Kf8 (16... Nd7 17. Nxd7 Kxd7 18. Nxb6+ axb6 19. Bxb7
$18) 17. Nc4 Be7 18. O-O Na6 19. Nxe7 Bxg2 20. Kxg2 Kxe7 21. Rfe1+ $18) 16.
Bxd5 Bxd4 17. O-O-O Bxf2 (17... Bxc3 18. bxc3 $18) 18. Bxa8 f6 {On top of all,
black doesn't even have the right to castle} 19. Kb1 $6 (19. Ne4 $142 {would
have been much stronger, exploiting the miserable position of black forces.}
Be3+ 20. Kb1 {[%cal Gh1e1]} Kf7 21. Nd6+ Kg6 22. Be4+ $18 {and it's time to
call it a day.}) 19... Bc5 20. Bd5 g6 21. Bb3 {A good prophylactic move,
freeing both the 'd' file, and the 'd5' square for other pieces.} (21. Ne4 Be7
22. Rhe1 Kf8) 21... Kf8 22. Ne4 (22. Rhe1) 22... Be7 23. Rhe1 h5 24. h4 Rh7 {
Although still being totally lost, black was able to stabilize his condition a
bit during the last few moves.} 25. Ka1 {more prophylaxy} Bb5 26. Nc3 $1 {
The knight is better placed on d5.} Bd7 27. Nd5 Nc6 28. Nxb6 (28. Nxe7 Rxe7 29.
Rxe7 Kxe7 30. Ba4 Ke6 31. Bxc6 Bxc6 32. b4 g5 {black has some drawing chances
due to a much better king.}) 28... Bg4 29. Nd7+ Kg7 (29... Ke8 $4 30. Nxf6+ $18
) 30. Rd5 Kh6 31. a3 {Black's position seems to be hopeless, but he keeps
fighting till the bitter end.} Bd8 32. Nc5 $2 {Allowing black to organize some
kind of counterplay against white's K side pawns. After this mistake, the win
is no more an easy one.} (32. Nb8 $1 {forcing more exchanges, would have,
probably been extremely unpleasant for black.} Ba5 33. Re8 Nxb8 34. Rxa5 $18)
32... Bc7 33. Rc1 Ne7 (33... Bxg3 $2 34. Ne4 $18) 34. Rd3 Be5 {All of a sudden,
it's not that simple anymore, and white loses track of the game.} 35. Ne4 Nf5 (
35... Bf5 36. Re1) 36. Bd1 $4 {Letting the win slip away.} (36. Ka2 {would
have still maintained good winning chances.}) 36... Rb7 $1 37. Rc2 $4 {and now
the draw too} (37. Nc5 Bxb2+ (37... Rxb2 38. Nd7 Rc2+ 39. Nxe5 Rxc1+ 40. Kb2
Rc5 41. Nxg4+ hxg4 42. Bxg4 {with a draw}) 38. Ka2 Bxc1 39. Nxb7 Bxd1 40. Rxd1
Be3 {and only black can win here.}) (37. Rdc3 {as shocking as it is, this
might have been the best option} Bxd1 38. Rxd1 Bxc3 39. bxc3 Rb6 $15) 37...
Bxd1 38. Rxd1 Ne3 {and now it's black the one who is winning.} 39. Rdd2 Nxc2+
40. Rxc2 Rb3 {[%cal Gb3a3]} 41. Ka2 Re3 (41... Re3 42. Rc4 f5 43. Ng5 Bxg3 {
and white is helpless against black's kingside pawn mass.}) 0-1

[Event "Naujac m"]
[Site "Naujac"]
[Date "2000.08.25"]
[Round "3"]
[White "Tkachiev, Vladislav"]
[Black "Nisipeanu, Liviu Dieter"]
[Result "1-0"]
[WhiteElo "2657"]
[BlackElo "2592"]
[Annotator "Gershon,A"]
[PlyCount "55"]
[EventDate "2000.08.22"]
[EventType "match"]
[EventRounds "4"]
[EventCountry "FRA"]
[SourceTitle "CBM 079"]
[Source "ChessBase"]
[SourceDate "2000.11.21"]
[SourceVersion "1"]
[SourceVersionDate "2000.11.21"]
[SourceQuality "1"]

1. d4 {Kortschnoj} Nf6 2. c4 e6 3. Nf3 b6 4. g3 Ba6 5. b3 b5 {Kortschnoj:
'This variation does not have a good reputation.'} 6. cxb5 Bxb5 7. Bg2 Bb4+ 8.
Bd2 a5 9. O-O (9. a3 Bxd2+ 10. Qxd2 Bc6 11. O-O O-O 12. Nc3 Ne4 13. Qc2 Nxc3
14. Qxc3 Bxf3 15. Bxf3 c6 16. b4 Qb6 17. Qc5 Qxc5 18. bxc5 Na6 19. Rfb1 e5 20.
e3 exd4 21. exd4 Ra7 22. Kf1 $16 {1/2-1/2 Epishin,V-Morovic Fernandez,I/Las
Vegas 1997/CBM 58 ext (39)}) (9. Ne5 $5 Ra7 (9... c6) 10. a3 Bxd2+ 11. Qxd2 d5
12. O-O O-O 13. Rc1 Qd6 14. Nc3 Rb7 15. e4 dxe4 16. Nxe4 Nxe4 17. Bxe4 Rb6 18.
Qc3 Ba6 19. Nc4 Bxc4 20. bxc4 $16 {1-0 Garcia Ilundain,D-Garcia Padron,J/
Salamanca 1998/EXT 99 (35)}) 9... O-O (9... Bc6 10. a3 Bxd2 11. Nbxd2 d5 12.
Ne5 O-O 13. Qc2 Bb7 14. Rfd1 c6 15. e3 Qe7 16. Qc3 Nfd7 17. Nd3 Rc8 18. Bf1 Qd8
19. b4 axb4 20. axb4 Rxa1 21. Rxa1 $14 {1/2-1/2 Tregubov,P-Lalic,B/Berlin 1996/
CBM 54 ext (38)}) 10. a3 (10. Bg5 d5 (10... h6 11. Bxf6 Qxf6 12. a3 Bd6 13. Nc3
Ba6 14. Re1 Qe7 15. Qc1 Nc6 16. e3 Rab8 17. Nd2 Na7 18. e4 e5 19. Nd5 Qd8 20.
dxe5 $2 Bxe5 21. Rb1 Bd3 $19 {1/2-1/2 Izoria,Z-Markos,J/Litohoto 1999/CBM 72
ext (33)}) 11. a3 Be7 12. Nc3 Ba6 13. Qc2 Nbd7 14. Rfd1 Rc8 15. b4 c6 16. e3 $6
(16. e4 $5) 16... h6 17. Bxf6 Bxf6 18. Nd2 e5 19. Nb3 exd4 20. exd4 axb4 21.
axb4 Bc4 $15 {0-1 Topalov,V-Lobron,E/Frankfurt 1997/CBM 58 ext (36)}) (10. Nc3
Bc6 11. Qc2 Qc8 12. a3 (12. Bg5 Bxc3 13. Qxc3 Ne4 14. Qc2 Bd5 15. Bf4 Nc6 16.
Ne5 Nb4 17. Qc1 d6 18. Nc4 f5 19. f3 Nf6 20. a3 Nc6 21. Qc3 Qa6 $14 {1-0 Van
der Sterren,P-Horvath,T/Germany 1996/GER-chT (54)}) 12... Bxc3 13. Bxc3 Qb7 14.
Rfc1 Be4 15. Qd1 Nc6 16. Bf1 Bxf3 17. exf3 Nd5 18. Be1 Rfb8 19. Rab1 Qb6 20.
Rc4 a4 21. b4 Na5 22. Rc2 Nb3 $15 {1/2-1/2 Georgiev,K-Granda Zuniga,J/Yerevan
1996/EXT 97 (47)}) 10... Be7 {Kortschnoj: 'In case of exchange of the bishops
on d2 black soon will have problems along the c-file, especially because of
weakness of the square c5. Well, in case of retreat to e7 - the same problems..
. '} (10... Bxd2 11. Qxd2 Bc6 12. Nc3 d5 13. Ne5 Bb7 14. Rfc1 $14) 11. Nc3 Bc6
{Kortschnoj: 'This is a novelty - an attempt to improve the variation. A
theoretical move is 11...Ba6, what after 12.Qc2! leads to clear white's
advantage.'} 12. Qc2 {[%cal Ge2e4]} d5 (12... Bb7 $5 13. e4 d5 (13... c5 $2 14.
dxc5 Bxc5 15. e5 $18) 14. e5 Ne4 $132) 13. Ne5 Bb7 14. Na4 {[%csl Rc5][%cal
Ge5d3,Yd3c5,Ya4c5]} Nfd7 15. Nd3 {Kortschnoj: 'As it was predicted, white
occupies the c5-square.'} Bc6 {Kortschnoj: 'I would prefer to play here 15...
Ba6, but a slight improvement would not change matters - black position is
close to a collapse.'} (15... Ba6 $142 {[%cal Ga6e2] /\ Bb5..... The B is much
more actively placed here than on 'c6'} 16. Rfe1 Bb5 17. Nac5 Nxc5 18. Nxc5 Bf6
$14) 16. Nac5 Nxc5 17. Nxc5 Ra7 18. Rfc1 Bb5 19. e3 {[%csl Ra5][%cal Gd2a5,
Gc5b7]} Nd7 $2 {Losing on the spot} (19... Qe8 $142 20. e4 dxe4 21. Bxe4 h6 22.
Be3 $36 {White has the better position but there is still a lot of chess ahead.
}) 20. a4 $1 {Kortschnoj: 'This move wins a pawn.'} Be2 (20... Bxc5 21. axb5
Bb6 22. Ra4 $1 $16 {[%csl Ra5][%cal Gc1a1,Gc2a2]} (22. b4 axb4 23. Bxb4 (23.
Rxa7 b3 $1 24. Qc3 Bxa7 25. Qxc7 b2 $17))) 21. Bxa5 {'!' Kortschnoj.} Nxc5 22.
dxc5 Rxa5 23. b4 Bf6 24. Ra3 Bc4 {Kortschnoj: 'Temporarily two black bishops
look very strong. May be, it is a good compensation for an exchange?'} (24...
Ra8 25. Qxe2 {The Q side pawns are unstoppable}) 25. bxa5 Qb8 {[%cal Gb8b4]}
26. Rb1 Qa7 27. Bf1 {'!' Kortschnoj.} Qxc5 28. Rab3 $18 {[%cal Gb3b8]} 1-0

[Event "HUN-ch Gr A"]
[Site "Balatonlelle"]
[Date "2002.06.02"]
[Round "2"]
[White "Gyimesi, Zoltan"]
[Black "Sax, Gyula"]
[Result "1-0"]
[WhiteElo "2605"]
[BlackElo "2566"]
[Annotator "Gershon,A"]
[PlyCount "115"]
[EventDate "2002.06.01"]
[EventType "tourn"]
[EventRounds "5"]
[EventCountry "HUN"]
[EventCategory "12"]
[SourceTitle "CBM 090"]
[Source "ChessBase"]
[SourceDate "2002.09.20"]
[SourceVersion "1"]
[SourceVersionDate "2002.09.20"]
[SourceQuality "1"]

1. d4 Nf6 2. c4 e6 3. Nf3 b6 4. g3 Ba6 5. Qa4 Bb7 6. Bg2 c5 7. dxc5 Bxc5 8. O-O
Be7 9. Nc3 O-O 10. Bf4 Na6 11. Rfd1 Nc5 12. Qc2 Nce4 (12... Qc8 13. Rac1 Nce4
14. Nd4 Nxc3 15. Qxc3 a6 16. Qb3 Bxg2 17. Kxg2 Qb7+ 18. Qf3 Ra7 $1 19. Qxb7
Rxb7 20. f3 Rc8 21. e4 $14 {1-0 Piket,J-Seirawan,Y/Internet 2000/CBM 76 (74). 
(73)}) 13. Ne5 Nxc3 14. Bxb7 Nxd1 15. Rxd1 d5 $146 {Black is avoiding a Q sac
but will have a permanent weakness.} (15... Rb8 16. Nc6 dxc6 17. Rxd8 Rbxd8 18.
Qa4 Bd6 19. Qxa7 Bxf4 20. gxf4 Rd7 21. b4 b5 22. Qa6 $16 {1/2-1/2 Huzman,
A-Podgaets,M/Ohrid 2001/CBM 84 (30)}) 16. cxd5 exd5 17. Bxa8 ({less effective
was:} 17. Nc6 Qd7 18. Bxa8 Rxa8 19. Nxe7+ Qxe7 20. Rc1) 17... Qxa8 18. Qc7 {
White Q is dominating all black's pieces. Neither the Q nor the Q can move now.
} Bc5 19. e3 h6 {[%cal Gg7g5]} (19... Qb8 20. Qxb8 Rxb8 21. Nxf7 $18) 20. Nd7 {
shifting the pressure to another side of the board.} (20. h4) 20... Nxd7 21.
Qxd7 Rd8 22. Qg4 Qc6 23. Be5 Bf8 24. Bc3 {[%csl Rd5,Rg7] black has two
weaknesses now, all that is needed for a win according the the "rules"} Qe6 $1
{[%csl Ra2,Rg4][%cal Ge6g4,Ge6a2,Yd5d4]} 25. Qd4 f5 26. Qa4 Qd7 27. Qa6 Qc6 28.
a4 $1 {white is trying to create another weakness in black's camp - the pawn
on 'b6'.} (28. Qxa7 $4 Ra8) 28... Rd7 29. Rd2 Bc5 30. Qd3 (30. a5 Qa4 31. Qc8+
Kh7) 30... Qe6 31. b4 Bf8 32. a5 {the next step of white's plan is to take on
b6, fix black pawn on b6, and start attacking it (Bd4, Ra2-a6)} Rc7 (32... bxa5
33. bxa5 a6 34. Rb2 Bc5 35. Rb8+ Kh7 36. Ra8 $16) 33. b5 Qe4 34. axb6 axb6 35.
Qxe4 fxe4 $2 {A strange decision, black leaves himself with two weaknesses (d5,
e4) instead of none.} (35... dxe4 $142 36. Bd4 Rc1+ 37. Kg2 Rb1 {and the game
would end in a draw}) 36. Be5 {black is lost now, the weaknesses are
impossible to defend.} Rc5 37. Rb2 Kf7 38. Kg2 {[%cal Ge5d4]} (38. Bd4 Rc1+ 39.
Kg2 Bc5) 38... Rc4 39. Ra2 Rc5 40. Ra7+ Kg6 41. h4 h5 42. Bd4 Rxb5 43. Rd7 {
although black is a pawn up, but all his pawn are week, and his pieces very
disorganized. Therefore, the evaluation is in white's favor.} Ra5 (43... Kh6 {
was pretty much the only onther move black had, beside the text} 44. Kh3 {
[%cal Gg3g4]}) 44. Bxb6 Ra6 45. Bd4 {and now the weaknesses of 'd5' and 'e4'
will tell} Rd6 46. Rb7 Rd8 47. Kh3 Rd6 48. g4 hxg4+ 49. Kxg4 Rd8 50. Be5 $1 {
taking away the only square black rook had.} Re8 (50... Kh6 51. h5 {would have
led to the game}) 51. h5+ Kh7 52. Kf5 Kh6 53. Rd7 {[%csl Rd5,Re4]} Kxh5 54.
Rxd5 g6+ 55. Kxe4 g5 $2 (55... Bg7 56. f4 Kh6 {would have been the best try})
56. Kf5 $1 {Now black is either getting mated or has to fo into a lost B
ending..} Be7 57. Bg7 Rg8 (57... Rd8 {would prolong the game, but not change
the result.}) 58. Rd1 1-0

[Event "Corus"]
[Site "Wijk aan Zee"]
[Date "2005.01.20"]
[Round "5"]
[White "Leko, Peter"]
[Black "Kramnik, Vladimir"]
[Result "1/2-1/2"]
[WhiteElo "2749"]
[BlackElo "2754"]
[Annotator "Gershon,A"]
[PlyCount "55"]
[EventDate "2005.01.15"]
[EventType "tourn"]
[EventRounds "13"]
[EventCountry "NED"]
[EventCategory "19"]
[SourceTitle "CBM 105"]
[Source "ChessBase"]
[SourceDate "2005.04.11"]
[SourceVersion "1"]
[SourceVersionDate "2005.04.11"]
[SourceQuality "1"]

1. d4 Nf6 2. c4 e6 3. Nf3 b6 4. g3 Ba6 5. Qa4 Bb7 6. Bg2 c5 7. dxc5 Bxc5 8. O-O
O-O 9. Nc3 Be7 10. Bf4 a6 11. Rfd1 d6 12. Qb4 {An interesting novelty -
forcing black to open up. Leko is trying to improve on their previous game in
the match} ({in the Brissago match Leko tried:} 12. Qc2 Qc7 13. Rac1 Rd8 14.
Qd2 Nh5 15. Bg5 Nf6 16. Bf4 Nh5 17. Bg5 Nf6 {1/2-1/2 Leko,P-Kramnik,V/Brissago
SUI 2004/The Week in Chess 519}) 12... Nc6 (12... Ne8 $2 13. c5 $1 {[%csl Rb7]
[%cal Gb4b7]} dxc5 14. Qb3 {[%csl Rb6][%cal Gd1d8]} Qc8 (14... Bd6 15. Rxd6
Nxd6 16. Rd1 $18) 15. Qxb6 $16) 13. Qa3 d5 14. Qa4 Qc8 15. cxd5 (15. Rac1 dxc4
16. Qxc4 b5 17. Qd3 Rd8 18. Qb1 Rxd1+ 19. Nxd1 Qd7 $11) 15... b5 {An important
intermediate move, allowing black to regain the pawn.} 16. Qc2 (16. Qb3 $2 Na5
17. Qc2 b4 18. Qa4 bxc3 19. Qxa5 cxb2 20. Rab1 Nxd5 $15) 16... Nb4 17. Qd2
Nbxd5 18. Nxd5 Nxd5 19. Rac1 Qe8 {White's more active pieces, and Black's
queen side weaknesses make white's position slightly preferable. However,
Kramnik defends with precision.} 20. Nd4 {[%cal Gd4f5]} Rd8 ({after} 20... Bb4
21. Qd3 e5 22. Nf5 Rd8 (22... exf4 $2 23. Qd4 $1 {the point} f6 24. Bxd5+ Bxd5
25. Qxd5+ Kh8 26. Qd4 $16) 23. Bg5 f6 24. Qb3 {white retains some pressure}) ({
an attempt to keep the bishops} 20... h6 {was worth considering:} 21. Nf5 exf5
({much weaker is:} 21... Nxf4 22. Bxb7 Nh3+ 23. Kg2 Rd8 24. Bc6 $1 Rxd2 25.
Rxd2 $1 $16) 22. Bxd5 Rd8 23. Bxb7 Rxd2 24. Rxd2 Bb4 {Black has no problems
here.}) 21. Bg5 h6 22. Bxe7 Qxe7 23. Qa5 {[%csl Ra6]} Rc8 {The rook has done
its role on the 'd' file. Now it's time to fight for the 'c' file.} 24. Nb3 Nf6
$1 {Very consistently Kramnik neutralizes white's pressure. With every piece
disappearing from the board, white's initiative evaporates.} 25. Bxb7 Rxc1 26.
Rxc1 Qxb7 {Now the draw becomes inevitable.} 27. Qd2 Rc8 28. Rxc8+ 1/2-1/2